| 000 | 00878nam a2200205 4500 | ||
|---|---|---|---|
| 008 | 160409b xxu||||| |||| 00| 0 eng d | ||
| 020 | _a9781607520214 | ||
| 082 |
_22009 _aDC 371.33 _bI17 |
||
| 245 |
_aICT for education, development & social justice/ _cEdited by Charalambos Vrsidas, Michalinos Zembylas and Gene V. Glass. |
||
| 260 |
_aUnited States of America: _bAge Publishing, Inc., _cc2009. |
||
| 300 |
_axiv, 264 pages: _billustrations; _c23 cm. |
||
| 650 | 0 |
_95062 _aTelecommunication in education _xSocial aspects _xDeveloping countries |
|
| 650 | 0 |
_95063 _aInformation technology _xSocial aspects _xDeveloping countries |
|
| 650 | 0 |
_95064 _aSocial justice _xDeveloping countries |
|
| 700 |
_95065 _aVrsidas, Charalambos _eEditor |
||
| 700 |
_95066 _aZembylas Michalinos _eEditor |
||
| 700 |
_95067 _aGlass, Gene V. _eEditor |
||
| 365 |
_b3, 000.00 _cPhp |
||
| 942 |
_2ddc _cDC |
||
| 999 |
_c1620 _d1620 |
||